Petición de Diego Pereyra para que se le perdone el pago de doscientos mil ducados de alcabala

Detalles Bibliográficos
Otros Autores: Diego Pereyra
Formato: Libro
Publicado: Bibao, s.f.
Materias:
Colección:Banco de datos
Acervo:Biblioteca Palafoxiana. Colección de Manuscritos
Descripción Física:11 f. ; 29 x 20 cm.
Tema general:Civil
LEADER 00424nam a22001450004500
035 |a 776 
245 1 0 |a Petición de Diego Pereyra para que se le perdone el pago de doscientos mil ducados de alcabala 
260 |a Bibao, s.f. 
300 |a 11 f. ; 29 x 20 cm. 
650 1 0 |a Civil 
700 1 |a Diego Pereyra 
949 |a 19674/006 
942 |c PALAMANU 
943 |g Biblioteca Palafoxiana. Colección de Manuscritos 
999 |c 1068721  |d 1068721